000 00692nam a2200265Ia 4500
005 20260121170219.0
008 008 260114s9999 xx 000 0 eng d
020 _a9789811064487
037 _aEBOOK
040 _aCRL
040 _beng
040 _cCRL
041 _2eng
041 _aeng
084 _qCRL
100 _aSunny Han Han
_91061186
245 0 _aLiterature Journals in the War of Resistance against Japanese Aggression in China (1931-1938)
260 _bSpringer
260 _bSpringer
260 _c2018
856 _uhttps://link.springer.com/openurl?genre=book&isbn=978-981-10-6448-7
942 _cEBOOK
999 _c1626915
_d1626915